| 000 | 00000nam 2200000za 4500 |
| 001 | 9.855998 |
| 003 | CaOODSP |
| 005 | 20221107155432 |
| 007 | cr ||||||||||| |
| 008 | 180501s2013 onc |o f000 0 fre d |
| 040 | |aCaOODSP|bfre |
| 043 | |an-cn-ab |
| 086 | 1 |aM159-13/2013F-PDF |
| 245 | 00|aProjet de l’Alberta Carbon Trunk Line |h[ressource électronique]. |
| 260 | |a[Ottawa : |bBureau de recherche et de développement énergétiques], |cc2013. |
| 300 | |a[1] p. |
| 500 | |aPubl. aussi en anglais sous le titre : Alberta Carbon Trunk Line (ACTL). |
| 500 | |aTitre de départ. |
| 500 | |a« Révisé en mars 2013. » |
| 520 | |a« Ce projet de captage et de stockage de carbone (CSC) a pour objet de capter les émissions de dioxyde de carbone (CO2) issues des sites industriels de la région industrielle albertaine de Heartland »--Description du projet. |
| 692 | 07|2gccst|aGaz à effet de serre |
| 693 | 4|aCaptage et de stockage de carbone |
| 710 | 1 |aCanada. |bRessources naturelles Canada. |
| 710 | 1 |aCanada.|bBureau de recherche et de développement énergétiques. |
| 775 | 08|tAlberta Carbon Trunk Line (ACTL) |w(CaOODSP)9.846606 |
| 856 | 40|qPDF|s686 Ko|uhttps://publications.gc.ca/collections/collection_2018/rncan-nrcan/m159/M159-13-2013-fra.pdf |